Cymbeline, King of Britain / (Record no. 49557)
| 000 -LEADER | |
|---|---|
| fixed length control field | 00280nam a2200109 4500 |
| 020 ## - INTERNATIONAL STANDARD BOOK NUMBER | |
| International Standard Book Number | 9781782266648 |
| 100 ## - MAIN ENTRY--PERSONAL NAME | |
| Personal name | Shakespeare |
| 9 (RLIN) | 86663 |
| 245 ## - TITLE STATEMENT | |
| Title | Cymbeline, King of Britain / |
| Statement of responsibility, etc | Shakespeare |
| 260 ## - PUBLICATION, DISTRIBUTION, ETC. (IMPRINT) | |
| Place of publication, distribution, etc | UK |
| Name of publisher, distributor, etc | Sweet Cherry |
| Date of publication, distribution, etc | 2020 |
| 300 ## - PHYSICAL DESCRIPTION | |
| Extent | 64 p. |
| Other physical details | ill. |
| Dimensions | 20 cm. |
| 942 ## - ADDED ENTRY ELEMENTS (KOHA) | |
| Source of classification or shelving scheme | |
| Koha item type | Book |
| Withdrawn status | Lost status | Source of classification or shelving scheme | Damaged status | Not for loan | Home library | Current library | Shelving location | Date acquired | Total Checkouts | Full call number | Barcode | Date last seen | Price effective from | Koha item type |
|---|---|---|---|---|---|---|---|---|---|---|---|---|---|---|
| Asian Hope Primary Library | Asian Hope Primary Library | Junior Fiction | 09/11/2025 | J FIC SHA | 208850 | 09/11/2025 | 09/11/2025 | Book |